Measuring the Quality of Care for Psychological Health Conditions in the Military Health System (Record no. 352311)
[ view plain ]
| 000 -LEADER | |
|---|---|
| fixed length control field | 01161nam a2200133Ia 4500 |
| 008 - FIXED-LENGTH DATA ELEMENTS--GENERAL INFORMATION | |
| fixed length control field | 171212s9999 xx 000 0 und d |
| 020 ## - INTERNATIONAL STANDARD BOOK NUMBER | |
| International Standard Book Number | 9780833086563 |
| 100 ## - MAIN ENTRY--PERSONAL NAME | |
| Personal name | Hepner, Kimberly A.;Roth, Carol P.;Farris, Coreen;Sloss, Elizabeth M.;Martsolf, Grant R.;Pincus, Harold Alan;Watkins, Katherine E.;Epley, Caroline;Mandel, Daniel;Hosek, Susan D.;Farmer, Carrie M. |
| 245 ## - TITLE STATEMENT | |
| Statement of responsibility, etc | Hepner, Kimberly A.;Roth, Carol P.;Farris, Coreen;Sloss, Elizabeth M.;Martsolf, Grant R.;Pincus, Harold Alan;Watkins, Katherine E.;Epley, Caroline;Mandel, Daniel;Hosek, Susan D.;Farmer, Carrie M. |
| Title | Measuring the Quality of Care for Psychological Health Conditions in the Military Health System |
| Remainder of title | Candidate Quality Measures for Posttraumatic Stress Disorder and Major Depressive Disorder |
| 260 ## - PUBLICATION, DISTRIBUTION, ETC. (IMPRINT) | |
| Name of publisher, distributor, etc | RAND Corporation |
| Date of publication, distribution, etc | 2015 |
| 650 ## - SUBJECT ADDED ENTRY--TOPICAL TERM | |
| Topical term or geographic name as entry element | Health Sciences |
| 650 ## - SUBJECT ADDED ENTRY--TOPICAL TERM | |
| Topical term or geographic name as entry element | Soldiers -- Mental health services -- United States -- Evaluation; Post-traumatic stress disorder -- United States; Post-traumatic stress disorder -- Treatment -- Evaluation; Depression, Mental -- United States; Depression, Mental -- Treatment -- Evaluati |
| 856 ## - ELECTRONIC LOCATION AND ACCESS | |
| Uniform Resource Identifier | <a href="http://www.jstor.org/stable/10.7249/j.ctt15sk847">http://www.jstor.org/stable/10.7249/j.ctt15sk847</a> |
| Withdrawn status | Lost status | Damaged status | Home library | Current library | Date acquired | Total Checkouts | Full call number | Date last seen | Price effective from | Koha item type |
|---|---|---|---|---|---|---|---|---|---|---|
| College Library | College Library | 12/12/2017 | UH629.3 | 12/12/2017 | 12/12/2017 | Curriculum - Based eBooks |